00667nam a2200229 a 4500001001300000003000900013005001700022008004100039020002200080082002100102100001800123245003400141260003800175300000800213500003500221650001100256700001800267902000800285942000700293952012000300999001700420nice12345678IN_TiNIC20260116014756.0090727s2008 newa grp 000 0 eng  a9788189524340c2000a306.0899145bBOB aBob, Clifford aDalit Rights Are Human Rights aNew Delhi bCritical Quest c2008 a32p aincludes index and biblioraphy aDalits1 aBob, Clifford bSRS cBK 001040708StackRoom-aHMIbHMId2009-07-27g20.00l0o306.0899145 BOBp022830r2009-07-27v20.00w2009-07-27yBK c16903d16903